Commentary on Plato's Republic /

Bibliographic Details
Main Author: Averroës, 1126-1198
Other Authors: Rosenthal, Erwin Isak Jakob, 1904-
Format: Book
Language:English
Hebrew
Published: Cambridge : Cambridge U. P., 1966.
Edition:[1st ed.]
Series:University of Cambridge oriental publications ; no. 1.
Subjects:

MARC

Tag First Indicator Second Indicator Subfields
LEADER 00000cam a2200000 4500
001 in00000052454
005 20151007072054.0
008 761006s1966 enk b 00000 eng
010 |a  66076519  
015 |a B66-8868 
035 |a (OCoLC)02485660 
035 |9 AAE7181AM 
037 |c 84/- 
040 |a DLC  |c OHI  |d OCL  |d TXA  |d UtOrBLW 
041 1 |a eng  |a heb 
049 |a TXAM  |c [464930] 
050 0 |a JC71.P6  |b A85 1966 
082 0 |a 321.07 
100 0 |a Averroës,  |d 1126-1198. 
245 1 0 |a Commentary on Plato's Republic /  |c edited with an introduction, translation and notes by E. I. J. Rosenthal. 
250 |a [1st ed.]  |b reprinted with corrections. 
264 1 |a Cambridge :  |b Cambridge U. P.,  |c 1966. 
300 |a xii, 339 pages ;  |c 23 cm. 
336 |a text  |b txt  |2 rdacontent 
337 |a unmediated  |b n  |2 rdamedia 
338 |a volume  |b nc  |2 rdacarrier 
490 1 |a University of Cambridge. Oriental publications, no. 1 
500 |a "The text [Hebrew translation of Samuel b. Yehuda]": pages [19]-108. 
504 |a Includes bibliographical references. 
600 0 0 |a Plato.  |t Republic. 
700 1 |a Rosenthal, Erwin Isak Jakob,  |d 1904- 
830 0 |a University of Cambridge oriental publications ;  |v no. 1. 
999 |a MARS 
999 f f |s 0568ef7d-eec0-38bb-bda0-52c153896d30  |i 3e076227-903a-3395-9584-47454e0bb642  |t 0 
952 f f |p ric  |a Texas A&M University  |b Rellis Campus  |c Joint Library Facility  |d Remote Storage  |t 0  |e JC71.P6 A85 1966  |h Library of Congress classification  |i unmediated -- volume  |m A14803070019 
998 f f |a JC71.P6 A85 1966  |t 0  |l Remote Storage